| 000 | 00469cam a22001217a 4500 | ||
|---|---|---|---|
| 008 | 180718b1952 xxu||||| |||| 00| 0 eng d | ||
| 082 | _aN41x42 Un3r | ||
| 245 |
_aReport of the committee of the police council on police representative organisations and negotiating machinery _cby Her Majesty's Stationery Office |
||
| 260 |
_aLondon _bHer Majesty's Stationery Office _c1952 |
||
| 300 | _a35p. | ||
| 500 | _aS.J. Baker (Chairman) | ||
| 700 | _aHer Majesty's Stationery Office | ||
| 999 |
_c411039 _d411039 |
||